Catálogo público

The well-being of farm animals : challenges and solutions / (Record no. 170154)

MARC details
000 -CABECERA
campo de control de longitud fija 01167nam a2200349Ia 4500
001 - NÚMERO DE CONTROL
campo de control Z_6880
003 - IDENTIFICADOR DEL NÚMERO DE CONTROL
campo de control CHAP
008 - DATOS DE LONGITUD FIJA--INFORMACIÓN GENERAL
campo de control de longitud fija 220113s9999 xx 000 0 und d
010 ## - NÚMERO DE CONTROL DE LA BIBLIOTECA DEL CONGRESO
Número de control de LC 170154
020 ## - NÚMERO INTERNACIONAL ESTÁNDAR DEL LIBRO
Número Internacional Estándar del Libro 978-0-8138-0473-6 (papel alcalino) \ 0-8138-0473-6 (papel alcalino)
040 ## - FUENTE DE LA CATALOGACIÓN
Centro/agencia transcriptor CHAP
082 ## - NÚMERO DE LA CLASIFICACIÓN DECIMAL DEWEY
Número de clasificación 636.0893 W45
245 ## - MENCIÓN DE TÍTULO
Título The well-being of farm animals : challenges and solutions /
Mención de responsabilidad, etc. editores G. John Benson y Bernard E. Rollin.
260 ## - PUBLICACIÓN, DISTRIBUCIÓN, ETC.
Lugar de publicación, distribución, etc. Ames, Iowa; Estados Unidos de América :
Nombre del editor, distribuidor, etc. Blackwell,
Fecha de publicación, distribución, etc.
300 ## - DESCRIPCIÓN FÍSICA
Extensión x, 378 p.
440 ## - MENCIÓN DE SERIE/PUNTO DE ACCESO ADICIONAL--TÍTULO
Título Issues in animal bioethics series / editor de serie Bernad E. Rollin
9 (RLIN) 146236
503 ## - NOTA DE HISTORIA BIBLIOGRÁFICA (BK CF MU) [OBSOLETO]
Nota de historia bibliográfica ej.1: C/E \ ej.2: C/E
504 ## - NOTA DE BIBLIOGRAFÍA, ETC.
Nota de bibliografía, etc. Incluye bibliografía
650 ## - PUNTO DE ACCESO ADICIONAL DE MATERIA--TÉRMINO DE MATERIA
Término de materia o nombre geográfico como elemento de entrada Bienestar animal
9 (RLIN) 12634
650 ## - PUNTO DE ACCESO ADICIONAL DE MATERIA--TÉRMINO DE MATERIA
Término de materia o nombre geográfico como elemento de entrada Ganadería
Subdivisión general
-- Aspectos sociales
9 (RLIN) 146237
650 ## - PUNTO DE ACCESO ADICIONAL DE MATERIA--TÉRMINO DE MATERIA
Término de materia o nombre geográfico como elemento de entrada Industria de animales
Subdivisión general
-- Aspectos morales y éticos.
9 (RLIN) 146238
650 ## - PUNTO DE ACCESO ADICIONAL DE MATERIA--TÉRMINO DE MATERIA
Término de materia o nombre geográfico como elemento de entrada Medicina veterinaria
9 (RLIN) 137478
650 ## - PUNTO DE ACCESO ADICIONAL DE MATERIA--TÉRMINO DE MATERIA
Término de materia o nombre geográfico como elemento de entrada Salud animal
9 (RLIN) 101809
700 ## - PUNTO DE ACCESO ADICIONAL--NOMBRE DE PERSONA
Nombre de persona Rollin, Bernard E.
9 (RLIN) 99451
700 ## - PUNTO DE ACCESO ADICIONAL--NOMBRE DE PERSONA
Nombre de persona Benson, G. John. ed.
9 (RLIN) 146239
901 ## - ELEMENTOS DE DATOS A LOCAL LDA (RLIN)
a 636.0893 W45
902 ## - ELEMENTOS DE DATOS B LOCAL, LDB (RLIN)
a M
910 ## - DATOS DE OPCIÓN DEL USUARIO (OCLC)
Datos de opción del usuario
942 ## - ELEMENTOS DE PUNTO DE ACCESO ADICIONAL (KOHA)
Tipo de ítem Koha Libro_
942 ## - ELEMENTOS DE PUNTO DE ACCESO ADICIONAL (KOHA)
Tipo de ítem Koha
Holdings
Estado de retiro Estado de pérdida Fuente del sistema de clasificación o colocación Estado dañado No para préstamo Código de colección Localización permanente Ubicación/localización actual Ubicación en estantería Fecha de adquisición Código de barras Fecha visto por última vez Número de copia Precio válido a partir de Tipo de ítem Koha
    Dewey Decimal Classification     General Zootecnia Zootecnia   09/05/2017 z_6783 18/01/2022 1 18/01/2022 Libro
    Dewey Decimal Classification     General Zootecnia Zootecnia   12/09/2017 z_6969 18/01/2022 2 18/01/2022 Libro